The Holy Eucharist (Record no. 44892)
[ view plain ]
| 000 -LEADER | |
|---|---|
| fixed length control field | 00694cam a2200229u 4500 |
| 001 - CONTROL NUMBER | |
| control field | 8105922 |
| 008 - FIXED-LENGTH DATA ELEMENTS--GENERAL INFORMATION | |
| fixed length control field | 840928s1976 xx 000 0 eng |
| 010 ## - LIBRARY OF CONGRESS CONTROL NUMBER | |
| LC control number | 77771681 |
| 040 ## - CATALOGING SOURCE | |
| Original cataloging agency | CUZ |
| Transcribing agency | CUZ |
| Modifying agency | CUZ |
| Language of cataloging | eng |
| Description conventions | rda |
| 050 00 - LIBRARY OF CONGRESS CALL NUMBER | |
| Classification number | BT1318 |
| Item number | HED |
| 245 04 - TITLE STATEMENT | |
| Title | The Holy Eucharist |
| 264 ## - PRODUCTION, PUBLICATION, DISTRIBUTION, MANUFACTURE, AND COPYRIGHT NOTICE | |
| Place of production, publication, distribution, manufacture | London; |
| -- | New York; |
| -- | Bombay; |
| -- | Calcutta: |
| Name of producer, publisher, distributor, manufacturer | Longmans, Greens and Co., |
| Date of production, publication, distribution, manufacture, or copyright notice | c1911. |
| 300 ## - PHYSICAL DESCRIPTION | |
| Extent | xix,278 pages. |
| Dimensions | 22 cm. |
| 650 #0 - SUBJECT ADDED ENTRY--TOPICAL TERM | |
| Topical term or geographic name entry element | Holy Communion. |
| 651 ## - SUBJECT ADDED ENTRY--GEOGRAPHIC NAME | |
| Geographic name | Roman Catholic |
| 942 ## - ADDED ENTRY ELEMENTS (KOHA) | |
| Koha item type | OS Book |
| 336 ## - CONTENT TYPE | |
| Content type term | text |
| Content type code | txt |
| 337 ## - MEDIA TYPE | |
| Media type term | unmediated |
| Media type code | n |
| 338 ## - CARRIER TYPE | |
| Source | rdacarrier |
| Withdrawn status | Lost status | Source of classification or shelving scheme | Damaged status | Not for loan | Collection code | Home library | Current library | Shelving location | Date acquired | Inventory number | Total Checkouts | Full call number | Barcode | Date last seen | Price effective from | Koha item type |
|---|---|---|---|---|---|---|---|---|---|---|---|---|---|---|---|---|
| Non-fiction | CUZ Harare Campus | CUZ Harare Campus | Open Shelf | 03.10.2023 | CUZ15902 | BT1318 HED | BK009925 | 03.10.2023 | 03.10.2023 | OS Book |